书目信息 |
| 题名: |
企业常用财税 工商 审计 文书
|
|
| 作者: | 张易 主编 | |
| 分册: | ||
| 出版信息: | 北京 中华工商联合出版社 2007.01 |
|
| 页数: | 366页 | |
| 开本: | 24cm | |
| 丛书名: | ||
| 单 册: | ||
| 中图分类: | H152.3 | |
| 科图分类: | ||
| 主题词: | 汉语--写作 , 汉语--修辞 | |
| 电子资源: | ||
| ISBN: | 978-7-80193-484-0 | |
| 000 | 00594nam0 2200217 45 | |
| 001 | 0938427206 | |
| 005 | 20091009104228.44 | |
| 010 | @a978-7-80193-484-0@dCNY45.00 | |
| 100 | @a20090515d2007 ekmy0 y0120 ea | |
| 102 | @aCN@b130000 | |
| 105 | @ay z 000yy | |
| 200 | 1 | @a企业常用财税 工商 审计 文书@f张易主编@Fzhang yi zhu bian |
| 210 | @a北京@c中华工商联合出版社@d2007.01 | |
| 215 | @a366页@d24cm | |
| 606 | 0 | @a汉语@x写作 |
| 606 | 0 | @a汉语@x修辞 |
| 690 | @aH152.3@v4 | |
| 701 | 0 | @a张易@Azhang yi@4主编 |
| 801 | 0 | @aCN@c20091009 |
| 905 | @a10447@dH152.3@eZ223 | |
| 906 | @d45@n3@r1 | |
| 企业常用财税 工商 审计 文书/张易主编.-北京:中华工商联合出版社,2007.01 |
| 366页;24cm |
| ISBN 978-7-80193-484-0:CNY45.00 |
| ● |
| 相关链接 |
|
|
|
正题名:企业常用财税 工商 审计 文书
索取号:H152.3/Z223
 
预约/预借
| 序号 | 登录号 | 条形码 | 馆藏地/架位号 | 状态 | 备注 |
| 1 | 890206 | 208902062 | 语言库209/209语言库 76排2列2层/ [索取号:H152.3/Z223] | 在馆 | |
| 2 | 890207 | 208902071 | 语言库209/209语言库 76排2列2层/ [索取号:H152.3/Z223] | 在馆 | |
| 3 | 890208 | 208902080 | 语言库209/209语言库 76排2列2层/ [索取号:H152.3/Z223] | 在馆 |